Los noventa: política, sociedad y cultura en América Latina y Argentina de fin de siglo /

Tallennettuna:
Bibliografiset tiedot
Päätekijä: Filmus, Daniel
Aineistotyyppi: Tuntematon
Julkaistu: Buenos Aires: FLACSO. Sede Académica Argentina. Eudeba, Universidad de Buenos Aires
Aiheet:
Tagit: Lisää tagi
Ei tageja, Lisää ensimmäinen tagi!

MARC

LEADER 00000 a2200000 04500
001 19345
003
008 991231s d
040
090 |a 145806  
100 |a Filmus, Daniel  
245 |a Los noventa: política, sociedad y cultura en América Latina y Argentina de fin de siglo /  |c Daniel Filmus 
260 |a Buenos Aires:   |b FLACSO. Sede Académica Argentina. Eudeba,   |c Universidad de Buenos Aires  
300 |a 279 p  
650 |a POLITICA  
650 |a MEDIOS DE COMUNICACION  
650 |a MEDIOS DE COMUNICACION DE MASAS  
650 |a CULTURA  
650 |a CAMBIO CULTURAL  
650 |a IDENTIDAD CULTURAL  
650 |a EDUCACION POLITICA  
999 |c 6144  |d 6144